000 00229nam a2200097Ia 4500
005 20251222114351.0
008 251222s1900||||xx |||||||||||||| ||spa||
082 _aDVD0098/T28/1999
245 0 _aEl teatro de Shakespeare
942 _cDVD
999 _c1226
_d1226